000
00217nam a22000857a 4500
999
_c
7012
_d
7012
008
170622b xxu||||| |||| 00| 0 eng d
020
_a
9788177000313
100
_9
3622
_a
Arora. S
245
_a
Information practices
260
_a
New delhi
_b
Dhanapat
_c
2010